• 首页
  • 本馆介绍
  • 公告通知
  • 最新文献
  • 馆藏检索
  • 电子资源
  • 读者导购
  • 参考咨询
  • 我的图书馆
  • 登录
  • 详细信息显示
  • 放入我的书架
  • 预约/预借图书
  • 作者相关作品
  • 分类相关作品
  • 丛书相关作品
  • 出版社相关作品

书目信息

  • 表格格式
  • 工作单格式
  • 卡片格式
题名:
汽车美容
    
 
作者: 赵俊山 , 胡克晓 主编
分册:  
出版信息: 北京   人民交通出版社  2017.03
页数: 123页
开本: 26cm
丛书名:
单 册:
中图分类: U472.2 , U472
科图分类:
主题词: 汽车--保养--中等专业学校--教材
电子资源:
ISBN: 978-7-114-12315-3
000 00995nam0 2200265 450
001 989
005 20180927091801.20
010    @a978-7-114-12315-3@dCNY20.00
100    @a20170524d2017 em y0chiy50 ea
101 0  @achi
102    @aCN@b110000
105    @aa z 000yy
200 1  @a汽车美容@9qi che mei rong@f赵俊山,胡克晓主编
210    @a北京@c人民交通出版社@d2017.03
215    @a123页@c图,照片@d26cm
300    @a全国交通运输职业教育教学指导委员会规划教材 教育部中等职业教育汽车专业技能课教材
304    @a全国交通运输职业教育教学指导委员会、中国汽车维修行业协会组织编写
330    @a本书共分7个单元,主要内容包括:概述,汽车美容护理工具与设备,汽车清洗与美容用品,汽车外部的清洁护理,汽车内饰的清洁护理,汽车车身漆面的美容和汽车玻璃贴膜。
606 0  @a汽车@x保养@x中等专业学校@j教材
690    @aU472.2@v5
690    @aU472@v4
701  0 @a赵俊山@9zhao jun shan@4主编
701  0 @a胡克晓@9hu ke xiao@4主编
801  0 @aCN@b91MARC@c20170524
905    @aMuseLib@dU472@e700
    
    汽车美容/赵俊山,胡克晓主编.-北京:人民交通出版社,2017.03
    123页:图,照片;26cm
    全国交通运输职业教育教学指导委员会规划教材 教育部中等职业教育汽车专业技能课教材
    
    ISBN 978-7-114-12315-3:CNY20.00
    本书共分7个单元,主要内容包括:概述,汽车美容护理工具与设备,汽车清洗与美容用品,汽车外部的清洁护理,汽车内饰的清洁护理,汽车车身漆面的美容和汽车玻璃贴膜。
●
相关链接 在E读中查询图书 在五车中查询图书 在当当中查询图书 在豆瓣中查询图书


正题名:汽车美容     索取号:U472/700         预约/预借

序号 登录号 条形码 馆藏地/架位号 状态 备注
1 1120634   211206345   第二样本阅览室/ [索取号:U472/700] 在馆    
2 1120635   211206354   密集书库-物理学院/ [索取号:U472/700] 在馆    
3 1120636   211206363   第三借阅区/ [索取号:U472/700] 在馆    
4 1120637   211206372   第三借阅区/ [索取号:U472/700] 在馆    
5 1120638   211206381   第三借阅区/ [索取号:U472/700] 在馆    
唐山师范学院图书馆 欢迎您!
大连网信软件有限公司© 版权所有